000 00660nam a2200217Ia 4500
003 GCL
008 140319s9999 xx 000 0 ara d
040 _aGCL /
_cGCL
082 0 4 _a658.8
_bا د
100 1 _aآتش، دايفيد
245 1 0 _aدليل تخطيط السوق /
_cآتش، دايفيد
700 1 _aجونيور، بانجز
250 _aالاولى
260 _aالرياض :
_bمكتبة جرير ،
_c2002
300 _a269 ص ؛
_c32 سم
650 0 4 _aادارة الاعمال
650 0 4 _aادارة المبيعات
650 0 4 _aالمشروعات الصغيرة
650 0 4 _aالسلع - تصريف
942 _2ddc
_cBK
999 _c5234
_d5234